000 00734nam a22002297a 4500
005 20170124110226.0
010 _aA-710495
020 _c495.00
_a8120803280
035 _aA-710495
037 _bCen Lib/Ret
040 _aDPL
_bEN
082 _a930.120954
_bMAL
100 _aMalik, S. C.
_98110
245 _aIndian civilization :
_cby S.C.Malik
_bthe formative period; a study of archaeology as anthropology /
260 _aShimla
_bIndian Institute of Advanced Study
_c1968
270 _aRashtrapati Nivas
_bShimla
_e171005
300 _a204p.
_c21cm(Hb)
500 _aIncludes index
650 _aCivilization -- To 1200
_940809
650 _aAntiquities
_919751
942 _2ddc
_cEN
_h930.120954
_mMAL
999 _c134468
_d134468